书目信息 |
| 题名: |
三新集
|
|
| 作者: | 刘克胤, 著 | |
| 分册: | ||
| 出版信息: | 北京 中国青年出版社 2018 |
|
| 页数: | 229页 | |
| 开本: | 19cm | |
| 丛书名: | 好诗词 | |
| 单 册: | ||
| 中图分类: | I227.7 | |
| 科图分类: | ||
| 主题词: | 五言诗--wu yan shi--诗集--中国--当代 | |
| 电子资源: | ||
| ISBN: | 978-7-5153-5111-7 | |
| 000 | 00919nam 2200277 45 | |
| 001 | 012001007725 | |
| 005 | 20130121115410.0 | |
| 010 | @a978-7-5153-5111-7@b精装@dCNY50.00 | |
| 099 | @aCAL 012019072613 | |
| 100 | @a20190404d2018 em y0chiy50 ea | |
| 101 | 0 | @achi |
| 102 | @aCN@b110000 | |
| 105 | @ay z 000gy | |
| 106 | @ar | |
| 200 | 1 | @a三新集@Asan xin ji@e刘克胤五言诗选@f刘克胤著 |
| 210 | @a北京@c中国青年出版社@d2018 | |
| 215 | @a229页@d19cm | |
| 225 | 2 | @a好诗词@Ahao shi ci@h第一季 |
| 330 | @a本书是著名诗人刘克胤的五言诗精选集, 分“绝句”“古风”“律诗”三辑, 共收入作者近年来精心创作的诗作160余首 (组)。 | |
| 410 | 0 | @12001 @a好诗词@h第一季 |
| 517 | 1 | @a刘克胤五言诗选@Aliu ke yin wu yan shi xuan |
| 606 | 0 | @a五言诗@Awu yan shi@x诗集@y中国@z当代 |
| 690 | @aI227.7@v5 | |
| 701 | 0 | @a刘克胤,@Aliu ke yin@f1967-@4著 |
| 801 | 0 | @aCN@b上海新华@c20191020 |
| 905 | @b1133986-9@dI227.7@e633@f4 | |
| 三新集:刘克胤五言诗选/刘克胤著.-北京:中国青年出版社,2018 |
| 229页;19cm.-(好诗词.第一季) |
| ISBN 978-7-5153-5111-7(精装):CNY50.00 |
| 本书是著名诗人刘克胤的五言诗精选集, 分“绝句”“古风”“律诗”三辑, 共收入作者近年来精心创作的诗作160余首 (组)。 |
| ● |
| 相关链接 |
|
|
|
|
正题名:三新集
索取号:I227.7/633
 
预约/预借
| 序号 | 登录号 | 条形码 | 馆藏地/架位号 | 状态 | 备注 |
| 1 | 1133986 | 211339862 | 第一样本阅览室/ [索取号:I227.7/633] | 在馆 | |
| 2 | 1133987 | 211339871 | 第二借阅区/ [索取号:I227.7/633] | 在馆 | |
| 3 | 1133988 | 211339880 | 第二借阅区/ [索取号:I227.7/633] | 在馆 | |
| 4 | 1133989 | 211339899 | 第二借阅区/ [索取号:I227.7/633] | 在馆 |